000 00704nam a2200205Ii 4500
003 JO-AjNU
008 230605s9999||||xx |||||||||||||| ||und||
017 _a1983/10/4000
040 _aJO-AjNU
_bara
_erda
_cJO-AjNU
041 _aara
050 1 4 _aPR1307 1983
100 3 _aتأليف غري،آلان ؛ ترجمة محمد الموحد,
_eauthor
_919658
245 0 0 _aلنذهب إلى القمر: قصة عن الإنجليزية للأطفال
264 3 1 _aدمشق:وزارة الثقافة،1983
300 _a119ص
336 _atext
_btxt
_2rdacontent
337 _aunmediated
_bn
_2rdamedia
338 _avolume
_bnc
_2rdacarrier
650 4 _aقصص مترجمة - قصص أطفال
_919659
999 _aA6525
_c10093
_d10093